00392nam a2200097Ia 4500008004100000041000800041100002300049245015200072260005100224999001900275241105s9999 xx 000 0 und d aeng aPatil Ruta9184203 aReinvigorating The Interfaces Of Protected Area Through Landscape Policies And Interventions At Tungareshwar Wildlife Sanctuary Vasai-Virar, Mumbai bBNCA M Arch Landscape Architecture, Punec2022 c362045d362045